Southville International School and Colleges
Your cart is empty.
  • Cart
  • Lists
    Public lists Eva Luna New books Lux_list list_1
    Your lists Log in to create your own lists
  • Log in to your account
  • Your cookies
  • Search history
Southville International School and Colleges
  • Advanced search
  • Recent comments
  • Most popular
  • Libraries

Log in to your account

Log in with GOOGLE


If you do not have an external account, but do have a local account, you can still log in:

  1. Home
  2. MARC view: Blue Ridge Country
Normal view MARC view ISBD view

Blue Ridge Country (Record no. 254668)

[ view plain ]
MARC details
000 -LEADER
fixed length control field 00702cam a22002533a 4500
001 - CONTROL NUMBER
control field 25413
003 - CONTROL NUMBER IDENTIFIER
control field PGUSA
005 - DATE AND TIME OF LATEST TRANSACTION
control field 20140828083539.0
008 - FIXED-LENGTH DATA ELEMENTS--GENERAL INFORMATION
fixed length control field 080510s2008||||xxu|||||s|||||000 | eng d
040 ## - CATALOGING SOURCE
Original cataloging agency PGUSA
Language of cataloging eng
042 ## - AUTHENTICATION CODE
Authentication code dc
050 #4 - LIBRARY OF CONGRESS CALL NUMBER
Classification number F206
100 1# - MAIN ENTRY--PERSONAL NAME
Personal name Thomas, Jean,
Dates associated with a name 1881-
245 10 - TITLE STATEMENT
Title Blue Ridge Country
Medium [electronic resource] /
Statement of responsibility, etc Jean Thomas
260 ## - PUBLICATION, DISTRIBUTION, ETC. (IMPRINT)
Name of publisher, distributor, etc Project Gutenberg,
Date of publication, distribution, etc 2008
506 ## - RESTRICTIONS ON ACCESS NOTE
Terms governing access Public domain in the USA.
516 ## - TYPE OF COMPUTER FILE OR DATA NOTE
Type of computer file or data note Electronic text
653 ## - INDEX TERM--UNCONTROLLED
Uncontrolled term Appalachians (People)
653 ## - INDEX TERM--UNCONTROLLED
Uncontrolled term Blue Ridge Mountains
700 1# - ADDED ENTRY--PERSONAL NAME
Personal name Caldwell, Erskine,
Dates associated with a name 1903-1987
830 #0 - SERIES ADDED ENTRY--UNIFORM TITLE
Uniform title Project Gutenberg
Volume number/sequential designation 25413
856 40 - ELECTRONIC LOCATION AND ACCESS
Uniform Resource Identifier <a href="http://www.gutenberg.org/ebooks/25413">http://www.gutenberg.org/ebooks/25413</a>
942 ## - ADDED ENTRY ELEMENTS (KOHA)
Koha item type eBooks
Holdings
Withdrawn status Lost status Damaged status Home library Current library Date acquired Total Checkouts Date last seen Price effective from Koha item type
      Project Gutenberg Project Gutenberg 08/28/2014   08/28/2014 08/28/2014 eBooks

Blue Ridge Country

APA

Thomas J., Caldwell E., . (2008). Blue Ridge Country. : Project Gutenberg.

Chicago

Thomas Jean, Caldwell Erskine, . 2008. Blue Ridge Country. : Project Gutenberg.

Harvard

Thomas J., Caldwell E., . (2008). Blue Ridge Country. : Project Gutenberg.

MLA

Thomas Jean, Caldwell Erskine, . Blue Ridge Country. : Project Gutenberg. 2008.

  • Place hold
  • Print
  • Cite
  • Add to your cart (remove)
  • Save record
    BIBTEX Dublin Core MARCXML MARC (non-Unicode/MARC-8) MARC (Unicode/UTF-8) MARC (Unicode/UTF-8, Standard) MODS (XML) RIS
  • More searches
    Search for this title in:
    Other Libraries (WorldCat) Other Databases (Google Scholar) Online Stores (Bookfinder.com) Open Library (openlibrary.org)

Exporting to Dublin Core...

SOUTHVILLE LIBRARY

Southville International School and Colleges Library

1281 Tropical Ave. Cor. Luxembourg St., BF Homes International, Las Pinas City

Tel. No. 8256374 / 252358 Loc. 117/146

Powered by Koha